Statistiques concernant Cyclsime : Coureurs qui ont fait le Triplé !!!

Cliquez ici pour prendre le quiz!

Statistiques générales

  • Ce quiz a été pris 24 fois
  • Le résultat moyen est 12 sur 29

Statistiques - réponses

Dernière étapes remportée.Nombre Total de victoirepaysNoms% Correct
201814🇬🇧Froome
82%
202317🇸🇮Roglic
77%
202354🇬🇧Cavendish
73%
202118🇸🇰Sagan
73%
201914🇮🇹Nibali
68%
20196🇫🇷Pinot
64%
20236🇩🇰Pedersen
59%
201722🇩🇪Greipel
55%
201719🇩🇪Kittel
55%
202310🇦🇺Matthews
50%
20198🇨🇴Quintana
50%
201917🇪🇦Valverde
50%
202210🇬🇧Yates
45%
20239🇩🇰Cort Nielsen
41%
20189🇳🇱Dumoulin
41%
20235🇸🇮Mohoric
36%
20176🇮🇹Aru
32%
202111🇦🇺Ewan
32%
201911🇧🇪Gilbert
32%
20233🇩🇪Kämna
32%
20215🇮🇪Martin
32%
202210🇮🇪Bennett
27%
20224🇨🇴Uran
23%
201812🇩🇪Degenkolb
18%
20234🇪🇦Izagirre
18%
20198🇮🇹Trentin
18%
20199🇮🇹Viviani
14%
20225🇧🇪De Gendt
9%
20184🇦🇺Dennis
9%

Distribution des résultats

Percentile par nombre de réponses

% des personnes avec chaque résultat

Votre développement - résultats

Vous n’avez pas pris ce quiz